Welcome to the Holygrace Academy Library

Please use search bar below to get started

XI PRADEEP'S FUNDAMENTAL PHYSICS (Record no. 7148)

MARC details
000 -LEADER
fixed length control field 00377nam a22001577a 4500
020 ## - INTERNATIONAL STANDARD BOOK NUMBER
ISBN 978-93-95649-24-7
082 ## - DEWEY DECIMAL CLASSIFICATION NUMBER
Classification number 530
Item number GOM/P
100 ## - MAIN ENTRY--AUTHOR NAME
Personal name GOMBER.K.L
245 ## - TITLE STATEMENT
Title XI PRADEEP'S FUNDAMENTAL PHYSICS
246 ## - VARYING FORM OF TITLE
Title proper/short title VOL.II
260 ## - PUBLICATION, DISTRIBUTION, ETC. (IMPRINT)
Place of publication NEW DELHI
Name of publisher PRADEEP PUBLICATIONS
Year of publication 2023
300 ## - PHYSICAL DESCRIPTION
Number of Pages 15/136
520 ## - SUMMARY, ETC.
Summary, etc PHYSICS REFERENCE
650 ## - SUBJECT ADDED ENTRY--TOPICAL TERM
Topical Term PHYSICS REFERENCE
942 ## - ADDED ENTRY ELEMENTS (KOHA)
Koha item type Books
Holdings
Withdrawn status Lost status Collection code Home library Current library Shelving location Date acquired Source of acquisition Cost, normal purchase price Full call number Accession Number Koha item type
    Reference Main Library Main Library NEW SHELF WITH NEW ENTRY 26/10/2023 Purchase 1490.00 530 GOM/P 12974 Books